000 00501nam a22001697a 4500
005 20251108164930.0
008 250721s1986 xx 000 0 ara d
082 1 4 _a651.53/حنا
100 1 _aقاقيش، حنا سليم
245 1 0 _aإدارة المحفوظات :
_bقواعد و ممارسة /
264 1 _aعمان :
_bدار منارات،
_c1986.
300 _a195ص
650 1 7 _aتنظيم الملفات
650 1 7 _aإدارة الأرشيف
942 _2ddc
_cBK
999 _c17765
_d17765